000 00295nam a2200133 i 4500
001 bg
100 1 _aTOLANSKIJ, S.
245 0 _aRewoljucija w optike /
_cS. Tolanskij.
260 _aMoskwa,
_c1971.
040 _cBPK
041 _apol
942 _cKS
008 s pl f |000 0 pol
999 _c9216
_d9216
856 _uhttp://koha.tu.koszalin.pl/cgi-bin/koha/opac-detail.pl?biblionumber=9216
_yKatalog online BPK